| 000 | 00000nas##2200000za#4500 |
| 001 | 9.511686 |
| 003 | CaOODSP |
| 005 | 20200618101617 |
| 007 | ta |
| 008 | 150406c2008||||xxc|| p #||||f| |0eng|d |
| 040 | |aCaOODSP|beng |
| 041 | |aeng |
| 041 | |afre |
| 043 | |an-cn--- |
| 086 | 1 |aHP2-16 |
| 110 | 2 |aPublic Health Agency of Canada. |
| 245 | 10|aPublic Health Agency of Canada annual report on the Access to Information Act |
| 260 | |aOttawa - Ontario : |bPublic Health Agency of Canada |
| 310 | |aAnnual |
| 520 | 3 |aIntended to describe how the Agency administered its responsibilities under the Access to Information Act during the fiscal year. |
| 690 | 07|aAccess to information|2gcpds |
| 776 | 0#|tAgence de la santé publique du Canada, rapport annuel sur la Loi sur l'accès à l'information.|w(CaOODSP)9.502151 |
| 776 | 0#|tPublic Health Agency of Canada annual report - Access to Information Act |w(CaOODSP)9.505746 |
| 792 | |tAgence de la santé publique du Canada, rapport annuel sur la Loi sur l'accès a l'information |efre|w(CaOODSP)9.511687 |